Rahsia kejelitaan : "The make over" yang memukau

Bibliographic Details
Main Author: Andiyanto
Other Authors: Aju Isni Karim
Format: Book
Published: Selangor : Synergy , [s.n]
Series:Siri kecantikan
Subjects:

MARC

LEADER 00000cam a2200000 7i4500
001 0000035861
005 20130522.0
008 130522
020 |a 9673222070 
090 0 0 |a 645.72   |b AND 
100 0 |a Andiyanto 
245 1 0 |a Rahsia kejelitaan :   |b "The make over" yang memukau   |c Adiyanto & Aju Isni Karim 
260 |a Selangor :   |b Synergy ,   |c [s.n] 
440 |a Siri kecantikan 
650 0 |a Beauty, Personal 
650 0 |a Cosmetics 
700 0 |a Aju Isni Karim 
999 |a 0001163333   |b Book   |c Adult Collection   |e Cawangan Muar 
999 |a 0001163334   |b Book   |c Adult Collection   |e Cawangan Bukit Gambir 
999 |a 0001163335   |b Book   |c Adult Collection   |e Perbadanan Perpustakaan Awam Johor 
999 |a 0001163336   |b Book   |c Adult Collection   |e Cawangan Bandar Tenggara 
999 |a 0001163337   |b Book   |c Adult Collection   |e Cawangan Bandar Penawar 
999 |a 0001163338   |b Book   |c Adult Collection   |e Cawangan Mersing 
999 |a 0001163341   |b Book   |c Adult Collection   |e Cawangan Segamat 
999 |a 0001163342   |b Book   |c Adult Collection   |e Cawangan Tmn. Ungku Tun Aminah 
999 |a 0001163345   |b Book   |c Adult Collection   |e Cawangan Pontian